000 00694nam a2200169 a 4500
008 120416s1977 ||||||||||||||||| || u
050 _aJC 273.Z2 Kan
100 _aKandeke, Timothy Katongo
245 1 0 _aFundamentals of Zambian humanism
260 _aLusaka
_bNeczam
_c1977
300 _axxvii, 249p. : ill.
350 _a0.00
650 _aHUMANISM
650 _aPOLITICAL THEORY--ZAMBIA
995 _aSPECIAL COLLECTIONS
_D0.00
_e718628
_FCBU-MAIN LIBRARY (Kitwe)
_H3
_I150.00
_jZAM JC 273.Z2 Kan
_M3
_UAVAILABLE
_y024224
_ZZambiana Collection
995 _aBINDERY (DAMAGED)
_D0.00
_e711992
_FCBU-MAIN LIBRARY (Kitwe)
_H2
_I150.00
_jJC 273.Z2 Kan
_M1
_UDAMAGED
_y009342
_ZMain Library Open Access Collection
999 _c63388
_d63388